000
00480nam a2200181Ia 4500
008
090123s9999 xx 000 0 und d
082
_b
10078
100
_a
भावे पु. भा.
245
_a
फुलवा
250
_a
1
260
_b
मेनका प्रकाशन
_c
1977
300
_a
112
600
_a
भावे पु. भा.
630
_a
फुलवा
700
_a
भावे पु. भा.
730
_a
फुलवा
942
_c
BOOK
999
_c
48144
_d
48144